Ramcharitmanas / (Record no. 46196)
[ view plain ]
| 000 -LEADER | |
|---|---|
| fixed length control field | 01224njm a22002897a 4500 |
| 005 - DATE AND TIME OF LATEST TRANSACTION | |
| control field | 20100901115333.0 |
| 006 - FIXED-LENGTH DATA ELEMENTS--ADDITIONAL MATERIAL CHARACTERISTICS--GENERAL INFORMATION | |
| fixed length control field | a|||||r|||||00| 0 |
| 007 - PHYSICAL DESCRIPTION FIXED FIELD--GENERAL INFORMATION | |
| fixed length control field | sd ammalaaahaa |
| 008 - FIXED-LENGTH DATA ELEMENTS--GENERAL INFORMATION | |
| fixed length control field | 100901t xxu||||| |||| 00| 0 eng d |
| 028 ## - PUBLISHER NUMBER | |
| Publisher number | 2425-5024 |
| Source | INRECO |
| 035 ## - SYSTEM CONTROL NUMBER | |
| System control number | GR-02892 |
| 040 ## - CATALOGING SOURCE | |
| Original cataloging agency | SED |
| Transcribing agency | SED |
| 100 ## - MAIN ENTRY--PERSONAL NAME | |
| Personal name | Goswami Tulsidas's |
| 9 (RLIN) | 17891 |
| 245 ## - TITLE STATEMENT | |
| Title | Ramcharitmanas / |
| Statement of responsibility, etc | by Goswami Tulsidas's ; music by Jnan Prokash Ghosh |
| Medium | [Sound recording] |
| 246 ## - VARYING FORM OF TITLE | |
| Title proper/short title | रामचरितमानस / गोस्वामी तुलसीदास 'स |
| 260 ## - PUBLICATION, DISTRIBUTION, ETC. (IMPRINT) | |
| Place of publication, distribution, etc | DUM DUM, India |
| Name of publisher, distributor, etc | INRECO |
| Date of publication, distribution, etc | 1978 |
| 300 ## - PHYSICAL DESCRIPTION | |
| Extent | V.2,1 Sound disc [Gramophone Recording] : |
| Other physical details | analog, 33 1/3 rpm |
| Dimensions | 12 in. (LP) |
| Type of unit | Gramophone Record |
| 500 ## - GENERAL NOTE | |
| General note | Brief record |
| 500 ## - GENERAL NOTE | |
| General note | Record Labels : INRECO,Blue,White |
| 505 ## - FORMATTED CONTENTS NOTE | |
| Formatted contents note | Side-1 राम जन्म (Ram Janm)--Side-2 अहिल्या उद्धार (Ahilya Uddhar) (Goswami Tulsidas's) |
| 600 ## - SUBJECT ADDED ENTRY--PERSONAL NAME | |
| Personal name | Goswami Tulsidas's |
| 9 (RLIN) | 20330 |
| 650 ## - SUBJECT ADDED ENTRY--TOPICAL TERM | |
| Topical term or geographic name as entry element | Classical music |
| General subdivision | Excerpts |
| Geographic subdivision | India |
| 9 (RLIN) | 17892 |
| 650 ## - SUBJECT ADDED ENTRY--TOPICAL TERM | |
| 9 (RLIN) | 20305 |
| 700 ## - ADDED ENTRY--PERSONAL NAME | |
| Personal name | Jnan Prokash Ghosh |
| 9 (RLIN) | 20260 |
| 942 ## - ADDED ENTRY ELEMENTS (KOHA) | |
| Source of classification or shelving scheme | Dewey Decimal Classification |
| Item type | Gramaphone Records |
| Withdrawn status | Lost status | Source of classification or shelving scheme | Damaged status | Not for loan | Collection code | Home library | Current library | Date acquired | Source of acquisition | Total Checkouts | Barcode | Date last seen | Copy number | Price effective from | Koha item type | Public note |
|---|---|---|---|---|---|---|---|---|---|---|---|---|---|---|---|---|
| Dewey Decimal Classification | Not For Loan | Non-fiction | Central Library | Central Library | 16/09/2010 | SED/VEN | GR-02892 | 16/09/2010 | 1 | 16/09/2010 | Gramaphone Records | v.2 |
